Pięć najbardziej zaludnionych krajów według półkuli - Statystyki

Ogólne statystyki
  • Ten quiz został rozwiązany 786 razy
  • Średni wynik to 14 z 20
Odpowiedzi na mapie
Odpowiedzi zakodowano w zielono-czerwonej skali na mapie do tego quizu, zgodnie z poniższymi procentami.
 
Statystyki odpowiedzi
Population Country % Poprawnych
331 mil Stany Zjednoczone
98%
1,439 mil Chiny
97%
1,380 mil Indie
96%
212 mil Brazylia
94%
128 mil Meksyk
91%
45 mil Argentyna
85%
59 mil Republika Południowej Afryki
80%
19 mil Chile
74%
273 mil Indonezja
73%
48 mil Kolumbia
71%
32 mil Peru
70%
53 mil Demokratyczna Republika Konga
62%
206 mil Nigeria
53%
46 mil Hiszpania
52%
220 mil Pakistan
51%
65 mil Wielka Brytania
51%
15 mil Ekwador
49%
164 mil Bangladesz
46%
53 mil Kenia
35%
59 mil Tanzania
34%
Nie znaleziono quizów pasujących do podanych kryteriów
Rozkład punktacji
Procent ludzi z każdym wynikiem
Percentyl według liczby udzielonych odpowiedzi
Twoja historia wyników
Nie rozwiązałeś tego quizu